000 00755nam a22002537a 4500
008 130322b2013 tu |||gr||||#||||0|tur |
040 _aTR-BiSEU
_btur
_cTR-BiSEU
_erda
001 0039725
003 KOHA_MİRAKIL
005 20260207003138.0
007 ta
020 _a9786094619108
041 0 _atur
044 _ctu
050 _aHV6626.23.T8
_bA3 2013
245 0 _aAile içi şiddet ve polis/
_ceditör Serdar Kenan Gül.
264 1 _aAnkara :
_bPolis Akademisi Yayınları
_c2013
300 _a286 sayfa ;
_c25 cm.
336 _ametin
_btxt
_2rdacontent
337 _aaracısız
_bn
_2rdamedia
338 _acilt
_bnc
_2rdacarrier
650 0 _aFamily violence--Turkey--Wife abuse--Victims of family violence--Turkey.
_973746
942 _2lcc
_cBK
999 _c39603
_d39603